000 01167cam a22002655a 4500
001 L159937
008 180409s2018 xxk f 001 0 eng d
020 _a9780727761828
035 _a(Sirsi) u159937
041 0 _aeng
050 0 4 _aF692.8
100 1 _aMitchell, Bronwyn
245 0 0 _aManaging reality
_bbook 1
_bintroduction to the engineering and construction contract
250 _a3 ed
260 _aLondon
_bICE Publishing
_c2018
300 _axv90.
_c30cm.
490 0 _aManaging Reality
_v1
520 _aFirst of a five part volume on managing the Engineering and Construction Contract (ECC) focuses on the fundamental cultural changes and mind shift that is required to successfully manage the practicalities of the ECC in use. Provides an introduction to the ECC, its conventions, concepts and terminology, and how it affects the way you work. Then discusses the roles adopted in the ECC, including how to designate a role and how the ECC affects each of these roles.
520 _aSupersedes 2 ed (ISBN 9780727757180)
651 4 _aUnited Kingdom
_y
690 _aContracts
_96232
700 1 _aTrebes, Barry
856 4 8 _u
_z
942 _n0
999 _c116161
_d116161